| 000 | 01050nam a2200253 a 4500 | ||
|---|---|---|---|
| 001 | 83966 | ||
| 003 | BD-RjUL | ||
| 005 | 20240902101700.0 | ||
| 008 | 240902s2010 bg a|||| m||| 00| 0 eng d | ||
| 035 | _a(BD-RjUL)83966 | ||
| 040 |
_aBD-RjUL _beng _cBD-RjUL _dBD-RjUL |
||
| 041 | _aeng | ||
| 082 |
_a639.313 _bALP 2010 _223 |
||
| 100 |
_aAlam, Md. Tariqul _913455 |
||
| 245 | 1 | 0 |
_aProduction Potential and Environmental Impacts on Small Indigenous Fish Species (Sis) in two Floodplain Beels of Rajshahi / _cBy Md. Tariqul Alam ; _6Supervisor : M. Altaf Hossain, Co-Supervisor : Muhammad Afzal Hussain |
| 260 |
_aRajshahi : _bInstitute of Biological Sciences, University of Rajshahi, _c2010 |
||
| 300 |
_axxiii, 193 Leaves : _bill, ; _c29 cm. |
||
| 502 | _aThesis (Ph. D.) -- Institute of Biological Sciences, University of Rajshahi, 2010 | ||
| 504 | _aReferences : Leaves 156-182 | ||
| 650 |
_aFish Culture _xStreams _913456 |
||
| 700 | _aHossain, M. Altaf, Supervisor | ||
| 700 |
_aHussain, Muhammad Afzal, Co-Supervisor _98019 |
||
| 942 |
_2ddc _cTHE |
||
| 999 |
_c83966 _d83966 |
||